000 00304nam a2200121Ia 4500
008 220204s9999 xx 000 0 und d
082 _a541.45
_bAUG.2
100 _aAugustine, Robert L
245 0 _aOxidation. V 2
260 _aNew York
_bMarcel Dekker
_c1971
700 _aTrecker, David J
942 _cBK
999 _c26486
_d26486